Angkor / (Record no. 27533)

MARC details
000 -LEADER
campo de control de longitud fija 00731nam a2200229 i 4500
001 - NÚMERO DE CONTROL
campo de control 27533
003 - IDENTIFICADOR DE NÚMERO DE CONTROL
campo de control ES-MaACL
005 - FECHA Y HORA DE LA ÚLTIMA TRANSACCIÓN
campo de control 20230906153635.0
007 - CAMPO FIJO DE DESCRIPCIÓN FÍSICA--INFORMACIÓN GENERAL
campo de control de longitud fija t|
008 - DATOS DE LONGITUD FIJA--INFORMACIÓN GENERAL
campo de control de longitud fija 030114s1971 sp ||||1| spa d
100 1# - ENTRADA PRINCIPAL--NOMBRE DE PERSONA
Nombre de persona Auboyer, Jeanninne.
9 (RLIN) 23817
245 10 - MENCIÓN DEL TÍTULO
Título Angkor /
Mención de responsabilidad, etc. Jeanninne Auboyer ; [Fotos Dominique Darbois ; Selección y secuencia Joan Prats Vallés].
260 ## - PUBLICACIÓN, DISTRIBUCIÓN, ETC.
Lugar de publicación, distribución, etc. Barcelona :
Nombre del editor, distribuidor, etc. Poligrafa,
Fecha de publicación, distribución, etc. [1971]
300 ## - DESCRIPCIÓN FÍSICA
Extensión 78 p., 128 lám. ;
Dimensiones 21 cm.
490 1# - MENCIÓN DE SERIE
Mención de serie Fotoscop
500 ## - NOTA GENERAL
Nota general Edición en español, inglés, francés y alemán.
700 1# - ENTRADA AGREGADA--NOMBRE PERSONAL
Nombre de persona Darbois, Dominique.
9 (RLIN) 42687
700 1# - ENTRADA AGREGADA--NOMBRE PERSONAL
Nombre de persona Prats Vallès, Joan.
9 (RLIN) 93709
830 0# - PUNTO DE ACCESO ADICIONAL DE SERIE-TÍTULO UNIFORME
Título uniforme Fotoscop
9 (RLIN) 181542
852 ## - LOCALIZACIÓN
Ubicación ES-MaACL
Número de control de estantería C-41144
Sublocalización o colección R.79764
Holdings
Estatus retirado Estado de pérdida Estado de daño No para préstamo Biblioteca de origen Biblioteca actual Ubicación en estantería Fecha de adquisición Fuente de adquisición Total de préstamos Signatura topográfica completa Código de barras Visto por última vez Precio de reemplazo Tipo de ítem Koha
        Biblioteca del Ateneo de Madrid Biblioteca del Ateneo de Madrid Depósito 2 17/01/2008     C-41144 1028431 23/02/2023 23/02/2023 Libro impreso